| 000 | 00589nam a2200205Ii 4500 | ||
|---|---|---|---|
| 003 | JO-AjNU | ||
| 008 | 230605s9999||||xx |||||||||||||| ||und|| | ||
| 040 |
_aJO-AjNU _bara _erda _cJO-AjNU |
||
| 041 | _aara | ||
| 050 | 1 | 4 | _aPJ7828 2011 |
| 100 | 3 |
_aتأليف العتوم،وجيه, _eauthor _931758 |
|
| 245 | 0 | 0 | _aحديث النخبة |
| 250 | _aط1 | ||
| 264 | 3 | 1 | _aد.ن |
| 300 | _a576ص | ||
| 336 |
_atext _btxt _2rdacontent |
||
| 337 |
_aunmediated _bn _2rdamedia |
||
| 338 |
_avolume _bnc _2rdacarrier |
||
| 650 | 4 |
_aالأدب العربي - صحافة - مقابلات _931759 |
|
| 999 |
_aA12738 _c16306 _d16306 |
||